Derecho canónico / E. Sehling ; traducido y anotado por Juan Moneva y Puyol
Descripción Física:
263 p., XVI làm. ; 19 cm
Colección:
Colección Labor : Biblioteca de iniciación cultural : Sección VIII : Ciencias jurídicas ; 91
Otros Autores:
Moneva y Puyol, Juan, tr
Materias:
Dret canònic
MARC
| LEADER | 00000nam a2200000Ia 4500 | ||
|---|---|---|---|
| 001 | 1013 | ||
| 008 | 160829s1933 xx 000 0 cat d | ||
| 080 | |a D-1-138 | ||
| 100 | |a Sehling, E. |9 37625 | ||
| 245 | |a Derecho canónico / E. Sehling ; traducido y anotado por Juan Moneva y Puyol | ||
| 250 | |a 2a ed. | ||
| 260 | |a Barcelona : |b Labor, |c 1933 | ||
| 300 | |a 263 p., XVI làm. ; |c 19 cm | ||
| 490 | |a Colección Labor : Biblioteca de iniciación cultural : Sección VIII : Ciencias jurídicas ; 91 | ||
| 650 | |a Dret canònic |9 37626 | ||
| 700 | |a Moneva y Puyol, Juan, tr. |9 37627 | ||
| 901 | |a Arxiu | ||
| 942 | |n 1 | ||
| 952 | |0 0 |1 0 |4 0 |6 D1138 |7 1 |9 47954 |a Arxiu |b Arxiu |d 2016-12-01 |l 0 |o D-1-138 |p 1013 |r 2016-12-01 00:00:00 |w 2016-12-01 |y ARXIU | ||
| 999 | |c 51755 |d 51755 | ||